[Event "Euskadi-chT (Vasca) Div Honor"]
[Site "Bergara"]
[Date "2017.02.04"]
[Round "4.5"]
[White "Sadusea, Johnny Fernando"]
[Black "Zamarbide Inarrea, Borja"]
[Result "1-0"]
[WhiteElo "2102"]
[BlackElo "2058"]
[PlyCount "70"]
[EventDate "2017.01.14"]
[EventType "team-tourn"]
[EventRounds "9"]
[EventCountry "ESP"]
[SourceTitle "EXT 2024"]
[Source "ChessBase"]
[SourceDate "2023.10.10"]
[SourceVersion "1"]
[SourceVersionDate "2023.10.10"]
[SourceQuality "1"]

1. e4 c5 2. Nf3 e6 3. d4 cxd4 4. Nxd4 Nf6 5. Bd3 Nc6 6. Nxc6 bxc6 7. 0-0 d5 8. Nc3 Be7 9. Re1 d4 10. Ne2 e5 11. f4 Bd6 12. f5 Qb6 13. Ng3 c5 14. b3 Ba6 15. Qe2 c4 16. bxc4 Rc8 17. Bg5 Qc6 18. c5 Bxc5 19. Kh1 Bxd3 20. cxd3 Bb4 21. Rf1 h6 22. Rac1 Bc3 23. Bxf6 Qxf6 24. Rb1 0-0 25. Rb5 Rb8 26. Rfb1 Rxb5 27. Rxb5 a5 28. Rb1 Qg5 29. Nf1 g6 30. g4 h5 31. gxh5 Qxh5 32. Qxh5 gxh5 33. Ng3 Kh7 34. Nxh5 Kh6 35. Nf6 Kg5 1-0

[Event "Navarra-chT"]
[Site "Navarra"]
[Date "2016.10.22"]
[Round "3.5"]
[White "Zamarbide Inarrea, Borja"]
[Black "Arana Oloron, Roberto"]
[Result "1-0"]
[WhiteElo "2032"]
[BlackElo "1700"]
[PlyCount "69"]
[EventDate "2016.10.08"]
[EventType "team-tourn"]
[EventRounds "7"]
[EventCountry "ESP"]
[SourceTitle "CBM 175 Extra"]
[Source "ChessBase"]
[SourceDate "2016.12.12"]
[SourceVersion "1"]
[SourceVersionDate "2016.12.12"]
[SourceQuality "1"]
[WhiteTeam "San Juan"]
[BlackTeam "Arrano Elkartea"]
[WhiteTeamCountry "ESP"]
[BlackTeamCountry "ESP"]

1. e4 e5 2. Nc3 Nf6 3. f4 Bc5 4. fxe5 Nxe4 5. Nxe4 Bxg1 6. Rxg1 Qh4+ 7. Nf2 Qxh2 8. Rh1 Qxe5+ 9. Qe2 d6 10. d4 Qxe2+ 11. Bxe2 Nc6 12. c3 Bd7 13. Be3 Ne7 14. Bf3 0-0-0 15. Kd2 h6 16. Rae1 Nf5 17. g4 Nxe3 18. Rxe3 f5 19. gxf5 Bxf5 20. Bg4 Bxg4 21. Nxg4 h5 22. Reh3 g6 23. Ne3 Rdg8 24. Nd5 Rg7 25. Nf4 Rf8 26. Nd3 Rh8 27. R1h2 Kd7 28. b3 c6 29. a4 Rgh7 30. Rg2 Rg8 31. Nf4 Rhg7 32. Rhg3 h4 33. Rxg6 Rxg6 34. Nxg6 h3 35. Ne5+ 1-0

[Event "Navarra-chT"]
[Site "Navarra"]
[Date "2016.10.08"]
[Round "1.6"]
[White "Zamarbide Inarrea, Borja"]
[Black "Gonzalez Etayo, Oihana"]
[Result "1-0"]
[WhiteElo "2032"]
[BlackElo "1811"]
[PlyCount "39"]
[EventDate "2016.10.08"]
[EventType "team-tourn"]
[EventRounds "7"]
[EventCountry "ESP"]
[SourceTitle "CBM 175 Extra"]
[Source "ChessBase"]
[SourceDate "2016.12.12"]
[SourceVersion "1"]
[SourceVersionDate "2016.12.12"]
[SourceQuality "1"]
[WhiteTeam "San Juan"]
[BlackTeam "Paz de Ziganda"]
[WhiteTeamCountry "ESP"]
[BlackTeamCountry "ESP"]

1. e4 c5 2. Nc3 d6 3. f4 g6 4. Bc4 Bg7 5. Nf3 Nf6 6. d3 Nc6 7. 0-0 0-0 8. Qe1 a6 9. Qh4 e6 10. f5 d5 11. Bb3 c4 12. dxc4 dxe4 13. Ng5 Qd4+ 14. Kh1 exf5 15. Be3 Qe5 16. Bf4 Qa5 17. Nd5 Nh5 18. Bc7 Qc5 19. Rad1 h6 20. Nxe4 1-0

[Event "Navarra-chTA"]
[Site "Pamplona"]
[Date "2015.11.07"]
[Round "5.7"]
[White "Zamarbide Inarrea, Borja"]
[Black "Cloete, Herman Hubert"]
[Result "1-0"]
[WhiteElo "2039"]
[BlackElo "1655"]
[PlyCount "65"]
[EventDate "2015.10.10"]
[EventType "team-tourn"]
[EventRounds "7"]
[EventCountry "ESP"]
[SourceTitle "CBM 169 Extra"]
[Source "ChessBase"]
[SourceDate "2015.12.18"]
[SourceVersion "1"]
[SourceVersionDate "2015.12.18"]
[SourceQuality "1"]
[WhiteTeam "San Juan"]
[BlackTeam "Paz de Ziganda"]
[WhiteTeamCountry "ESP"]
[BlackTeamCountry "ESP"]

1. e4 c5 2. Nc3 e6 3. Nf3 a6 4. g3 Nc6 5. Bg2 d6 6. 0-0 Nf6 7. d3 Be7 8. Re1 0-0 9. h3 Bd7 10. Nh2 Qc8 11. f4 Rb8 12. e5 dxe5 13. fxe5 Nd5 14. Qh5 Ncb4 15. Ng4 Be8 16. Nxd5 exd5 17. Ne3 f6 18. Qe2 Bc6 19. a3 d4 20. axb4 Bxg2 21. Nxg2 Qxh3 22. exf6 Bxf6 23. Qe6+ Qxe6 24. Rxe6 cxb4 25. Bd2 Rbc8 26. Bxb4 Rf7 27. Rae1 h6 28. Re8+ Rxe8 29. Rxe8+ Kh7 30. Nf4 Bg5 31. Re4 Rc7 32. c3 dxc3 33. Bxc3 1-0

[Event "Navarra-chTA"]
[Site "Pamplona"]
[Date "2015.10.31"]
[Round "4.5"]
[White "Otazu Ojer, Inigo"]
[Black "Zamarbide Inarrea, Borja"]
[Result "1/2-1/2"]
[WhiteElo "1891"]
[BlackElo "2039"]
[PlyCount "77"]
[EventDate "2015.10.10"]
[EventType "team-tourn"]
[EventRounds "7"]
[EventCountry "ESP"]
[SourceTitle "CBM 169 Extra"]
[Source "ChessBase"]
[SourceDate "2015.12.18"]
[SourceVersion "1"]
[SourceVersionDate "2015.12.18"]
[SourceQuality "1"]
[WhiteTeam "Mikel Gurea"]
[BlackTeam "San Juan"]
[WhiteTeamCountry "ESP"]
[BlackTeamCountry "ESP"]

1. f4 c5 2. Nf3 g6 3. e4 Bg7 4. Nc3 Nc6 5. Bb5 Nd4 6. 0-0 Nxb5 7. Nxb5 a6 8. Nc3 e6 9. d3 Ne7 10. Be3 d6 11. d4 Qc7 12. dxc5 dxc5 13. e5 0-0 14. Qe2 b6 15. Ne4 Bb7 16. Nd6 Nf5 17. Nxb7 Nxe3 18. Qxe3 Qxb7 19. Rad1 Rfd8 20. Rd3 Rxd3 21. Qxd3 Qd5 22. b3 Qxd3 23. cxd3 Rd8 24. Rd1 Kf8 25. Kf2 h6 26. d4 Ke8 27. Ke2 Bf8 28. dxc5 Rxd1 29. Kxd1 Bxc5 30. Ke2 Kd7 31. Kd3 Kc6 32. a4 Kd5 33. Nd2 Ba3 34. Nc4 Bc5 35. Nd2 g5 36. g3 gxf4 37. gxf4 Ba3 38. Nc4 Bc1 39. Ne3+ 1/2-1/2

[Event "Navarra-chTA"]
[Site "Pamplona"]
[Date "2015.10.24"]
[Round "3.8"]
[White "Cinza Lopez, Javier"]
[Black "Zamarbide Inarrea, Borja"]
[Result "1-0"]
[WhiteElo "1945"]
[BlackElo "2039"]
[PlyCount "87"]
[EventDate "2015.10.10"]
[EventType "team-tourn"]
[EventRounds "7"]
[EventCountry "ESP"]
[SourceTitle "CBM 169 Extra"]
[Source "ChessBase"]
[SourceDate "2015.12.18"]
[SourceVersion "1"]
[SourceVersionDate "2015.12.18"]
[SourceQuality "1"]
[WhiteTeam "Orvina"]
[BlackTeam "San Juan"]
[WhiteTeamCountry "ESP"]
[BlackTeamCountry "ESP"]

1. g3 d5 2. Bg2 Nf6 3. c4 e6 4. cxd5 exd5 5. d3 Bc5 6. Nf3 Bf5 7. 0-0 0-0 8. Nc3 h6 9. Qb3 Bb6 10. Na4 Nbd7 11. Nxb6 axb6 12. a3 Nc5 13. Qc2 Ne6 14. b4 c5 15. Qb3 Qe7 16. Bb2 Rfd8 17. Nh4 Bh7 18. Nf3 Rd7 19. Rac1 Rad8 20. Qa4 g5 21. Qb5 g4 22. Ne5 Rd6 23. f3 Nd4 24. Bxd4 cxd4 25. f4 Bf5 26. Rc2 Ne8 27. h3 h5 28. hxg4 hxg4 29. e3 dxe3 30. Re2 Nc7 31. Qa4 f6 32. Rxe3 fxe5 33. Rxe5 Qf7 34. Qb3 Nb5 35. a4 Nd4 36. Qc3 Nc6 37. Re2 Qf6 38. Re5 Kg7 39. b5 d4 40. Qe1 Nb8 41. Be4 Bxe4 42. Qxe4 Nd7 43. Rg5+ Kf7 44. Qh7+ 1-0

[Event "Navarra-chTA"]
[Site "Pamplona"]
[Date "2015.10.10"]
[Round "1.3"]
[White "Zamarbide Inarrea, Borja"]
[Black "Flores Lazcoz, Jose Luis"]
[Result "1-0"]
[WhiteElo "2039"]
[BlackElo "1765"]
[PlyCount "47"]
[EventDate "2015.10.10"]
[EventType "team-tourn"]
[EventRounds "7"]
[EventCountry "ESP"]
[SourceTitle "CBM 169 Extra"]
[Source "ChessBase"]
[SourceDate "2015.12.18"]
[SourceVersion "1"]
[SourceVersionDate "2015.12.18"]
[SourceQuality "1"]
[WhiteTeam "San Juan"]
[BlackTeam "Arrano Elkartea"]
[WhiteTeamCountry "ESP"]
[BlackTeamCountry "ESP"]

1. e4 c6 2. Nc3 d5 3. Nf3 Bg4 4. h3 Bh5 5. exd5 cxd5 6. Bb5+ Nc6 7. g4 Bg6 8. Ne5 Qd6 9. d4 a6 10. Bxc6+ bxc6 11. f4 e6 12. Qe2 Be7 13. 0-0 Nf6 14. f5 exf5 15. gxf5 Bh5 16. Qd3 c5 17. Bf4 c4 18. Qe3 Qb6 19. Rae1 Ra7 20. Bg5 Qb7 21. Qg3 h6 22. Bxf6 gxf6 23. Nc6 Qxc6 24. Qb8+ 1-0

[Event "Navarra-chT Preferente"]
[Site "Navarra"]
[Date "2012.10.27"]
[Round "3.4"]
[White "Gonzalez Pabollet, Jesus Maria"]
[Black "Zamarbide Inarrea, Borja"]
[Result "0-1"]
[WhiteElo "1962"]
[BlackElo "2152"]
[PlyCount "33"]
[EventDate "2012.10.13"]
[EventType "team"]
[EventRounds "7"]
[EventCountry "ESP"]
[SourceTitle "EXT 2014"]
[Source "ChessBase"]
[SourceDate "2013.11.20"]
[SourceVersion "1"]
[SourceVersionDate "2013.11.20"]
[SourceQuality "1"]
[WhiteTeam "Nuevo Casino"]
[BlackTeam "San Juan"]
[WhiteTeamCountry "ESP"]
[BlackTeamCountry "ESP"]

1. b3 e5 2. Bb2 Nc6 3. e3 f5 4. Bb5 Qe7 5. Nf3 d6 6. d4 e4 7. d5 Bd7 8. Nc3 Ne5 9. Nd4 c6 10. Be2 Nf6 11. dxc6 bxc6 12. Qd2 a6 13. f4 exf3 14. Nxf3 Neg4 15. Nd1 g6 16. Bxf6 Nxf6 17. 0-0 0-1

[Event "Navarra-chT Preferente"]
[Site "Navarra"]
[Date "2012.10.20"]
[Round "2.6"]
[White "Zamarbide Inarrea, Borja"]
[Black "Anguas Fanlo, Sergio"]
[Result "1/2-1/2"]
[WhiteElo "2152"]
[BlackElo "2053"]
[PlyCount "59"]
[EventDate "2012.10.13"]
[EventType "team"]
[EventRounds "7"]
[EventCountry "ESP"]
[SourceTitle "EXT 2014"]
[Source "ChessBase"]
[SourceDate "2013.11.20"]
[SourceVersion "1"]
[SourceVersionDate "2013.11.20"]
[SourceQuality "1"]
[WhiteTeam "San Juan"]
[BlackTeam "Mikel Gurea Graficas Arga"]
[WhiteTeamCountry "ESP"]
[BlackTeamCountry "ESP"]

1. f4 b6 2. b3 e6 3. Bb2 Bb7 4. Nf3 Nf6 5. e3 Nc6 6. Bb5 a6 7. Bxc6 Bxc6 8. Qe2 Bxf3 9. Qxf3 d5 10. 0-0 Bd6 11. d3 Qe7 12. Nd2 Ba3 13. Bd4 Rd8 14. Qg3 Rg8 15. f5 Bd6 16. Bxf6 Qxf6 17. Qh3 h6 18. Rae1 Bb4 19. Re2 Bxd2 20. Rxd2 e5 21. Qg4 Rd6 22. c4 d4 23. Re2 Kd7 24. Qe4 Re8 25. Rf3 dxe3 26. Rexe3 Rd4 27. Qb7 a5 28. c5 Qc6 29. Qxc6+ Kxc6 30. cxb6 1/2-1/2

[Event "Euskadi-chT (Vasca) Div 1st"]
[Site "Bergara"]
[Date "2012.02.18"]
[Round "6.3"]
[White "Zamarbide Inarrea, Borja"]
[Black "Perez Palma, Jesus Maria"]
[Result "1-0"]
[WhiteElo "2192"]
[BlackElo "1957"]
[PlyCount "69"]
[EventDate "2012.01.14"]
[EventType "team-tourn"]
[EventRounds "9"]
[EventCountry "ESP"]
[SourceTitle "EXT 2024"]
[Source "ChessBase"]
[SourceDate "2023.10.10"]
[SourceVersion "1"]
[SourceVersionDate "2023.10.10"]
[SourceQuality "1"]

1. f4 d5 2. Nf3 Nf6 3. e3 c5 4. b3 Nc6 5. Bb5 Bd7 6. Bb2 e6 7. 0-0 Be7 8. d3 0-0 9. Nbd2 a6 10. Bxc6 Bxc6 11. Ne5 Be8 12. Qe2 b5 13. Rf3 Qb6 14. Rh3 Rc8 15. g4 Nd7 16. g5 g6 17. Qf2 Nxe5 18. Bxe5 h5 19. Qh4 Qd8 20. Bf6 e5 21. fxe5 Bd7 22. Rf3 Bg4 23. Rf4 Bxf6 24. gxf6 Qd7 25. Qg5 Kh7 26. Kf2 Rh8 27. Rg1 c4 28. bxc4 bxc4 29. d4 c3 30. Nb3 Qb5 31. Rgxg4 hxg4 32. Qxg4 Qc6 33. Nc5 Rce8 34. Qh3+ Kg8 35. Rh4 1-0

[Event "Euskadi-chT (Vasca) Div 1st"]
[Site "Bergara"]
[Date "2012.01.14"]
[Round "1.1"]
[White "Ortega Fuentes, Luis Angel"]
[Black "Zamarbide Inarrea, Borja"]
[Result "1/2-1/2"]
[WhiteElo "2119"]
[BlackElo "2192"]
[PlyCount "177"]
[EventDate "2012.01.14"]
[EventType "team-tourn"]
[EventRounds "9"]
[EventCountry "ESP"]
[SourceTitle "EXT 2024"]
[Source "ChessBase"]
[SourceDate "2023.10.10"]
[SourceVersion "1"]
[SourceVersionDate "2023.10.10"]
[SourceQuality "1"]

1. Nf3 f5 2. d4 e6 3. c4 b6 4. g3 Bb7 5. Bg2 Nf6 6. 0-0 g6 7. Nc3 Bg7 8. d5 0-0 9. dxe6 dxe6 10. Qxd8 Rxd8 11. Bf4 Na6 12. Ng5 Bxg2 13. Kxg2 Re8 14. Be5 h6 15. Nf3 Nd7 16. Bxg7 Kxg7 17. Rfd1 Ndc5 18. Ne5 Kf6 19. Nc6 Nb8 20. Nxb8 Raxb8 21. b4 Na6 22. a3 c6 23. Rd7 Re7 24. Rad1 Kf7 25. R7d6 Rc8 26. h4 c5 27. b5 Nb8 28. Kf3 Rcc7 29. e4 Nd7 30. Kf4 Nf8 31. R1d2 g5+ 32. Ke3 gxh4 33. gxh4 Ng6 34. Ne2 Ne5 35. Rc2 Rcd7 36. Rxd7 Rxd7 37. exf5 exf5 38. Rc3 Kf6 39. f3 Ng6 40. h5 Ne5 41. Nf4 Rd4 42. Nd5+ Ke6 43. Nf4+ Kd6 44. Ne2 Rxc4 45. Rb3 Rh4 46. Rc3 Rxh5 47. Kf4 Ke6 48. Re3 Kf6 49. Rxe5 Rh4+ 50. Kg3 Kxe5 51. Kxh4 Kd5 52. Kg3 Kc4 53. Kf4 Kd3 54. Nc1+ Kc2 55. Kxf5 Kxc1 56. Kg6 Kd2 57. f4 c4 58. f5 c3 59. f6 c2 60. f7 c1Q 61. f8Q Kc3 62. Qg7+ Kb3 63. Qxa7 Qg5+ 64. Kh7 Qxb5 65. Kxh6 Qc6+ 66. Kh7 b5 67. Qa5 Qe4+ 68. Kg8 Qa4 69. Qe1 Qc4+ 70. Kh7 Kxa3 71. Qa1+ Kb3 72. Qb1+ Ka4 73. Qa1+ Kb4 74. Qb2+ Qb3 75. Qd4+ Ka3 76. Qa1+ Qa2 77. Qc1+ Qb2 78. Qe3+ Ka4 79. Qa7+ Kb3 80. Qf7+ Kc2 81. Qf2+ Kb1 82. Qe1+ Kc2 83. Qe2+ Kc3 84. Qe3+ Kc2 85. Qe2+ Kb1 86. Qe1+ Ka2 87. Qa5+ Kb1 88. Qe1+ Kc2 89. Qe2+ 1/2-1/2

[Event "ESP-chT Autonomicas 5th"]
[Site "Tossa de Mar"]
[Date "2010.05.02"]
[Round "6.14"]
[White "Oms Pallisse, Josep"]
[Black "Zamarbide Inarrea, Borja"]
[Result "1-0"]
[WhiteElo "2494"]
[BlackElo "2191"]
[PlyCount "67"]
[EventDate "2010.04.29"]
[EventType "team-swiss"]
[EventRounds "6"]
[EventCountry "ESP"]
[SourceTitle "CBM 136 Extra"]
[Source "ChessBase"]
[SourceDate "2010.07.02"]
[SourceVersion "2"]
[SourceVersionDate "2010.07.15"]
[SourceQuality "1"]
[WhiteTeam "Catalunya"]
[BlackTeam "Navarra"]
[WhiteTeamCountry "ESP"]
[BlackTeamCountry "ESP"]

1. d4 e6 2. c4 b6 3. e4 Bb7 4. Bd3 f5 5. exf5 Bb4+ 6. Kf1 Nf6 7. Nf3 c5 8. a3 Ba5 9. Bf4 Qe7 10. fxe6 0-0 11. dxc5 Nc6 12. Bd6 Qxe6 13. b4 bxc5 14. bxa5 Nd4 15. Nxd4 cxd4 16. Bxf8 Rxf8 17. Nd2 Ng4 18. Nf3 Nxf2 19. Qe2 Nxd3 20. Qxe6+ dxe6 21. Ke2 Nf4+ 22. Kd2 Rd8 23. Rab1 Bc6 24. Ne5 Bxg2 25. Rhe1 g5 26. Rb5 Kg7 27. Rg1 Kf6 28. Ng4+ Kg6 29. Ne5+ Kf6 30. Re1 h5 31. a6 Rd6 32. Rb7 Bxb7 33. axb7 Rb6 34. Nd7+ 1-0

[Event "ESP-chT Autonomicas 5th"]
[Site "Tossa de Mar"]
[Date "2010.04.30"]
[Round "3.43"]
[White "Zamarbide Inarrea, Borja"]
[Black "Andres Gonzalez, Ivan"]
[Result "1/2-1/2"]
[WhiteElo "2191"]
[BlackElo "2340"]
[PlyCount "94"]
[EventDate "2010.04.29"]
[EventType "team-swiss"]
[EventRounds "6"]
[EventCountry "ESP"]
[SourceTitle "CBM 136 Extra"]
[Source "ChessBase"]
[SourceDate "2010.07.02"]
[SourceVersion "2"]
[SourceVersionDate "2010.07.15"]
[SourceQuality "1"]
[WhiteTeam "Navarra"]
[BlackTeam "Asturias"]
[WhiteTeamCountry "ESP"]
[BlackTeamCountry "ESP"]

1. f4 c5 2. b3 Nc6 3. Bb2 Nf6 4. Nf3 e6 5. e3 a6 6. g3 d5 7. Bg2 g6 8. 0-0 Bg7 9. Qe2 0-0 10. d3 d4 11. e4 Ng4 12. Nbd2 Ne3 13. Rfc1 e5 14. Nc4 exf4 15. gxf4 Nxc4 16. bxc4 Bh6 17. Ng5 Bxg5 18. fxg5 Qxg5 19. Rf1 Bh3 20. Ba3 b5 21. Qf3 Bxg2 22. Qxg2 Qxg2+ 23. Kxg2 b4 24. Rf6 Rac8 25. Bb2 Kg7 26. Raf1 Ne5 27. Rxa6 Ng4 28. Kg3 Ne3 29. Re1 f6 30. c3 bxc3 31. Bxc3 Ra8 32. Rxa8 Rxa8 33. Bd2 Nc2 34. Rb1 Rxa2 35. Rb7+ Kf8 36. Bf4 Ra3 37. Bd6+ Kg8 38. Bxc5 Rxd3+ 39. Kf4 Ne3 40. e5 fxe5+ 41. Kxe5 Nxc4+ 42. Ke6 Rf3 43. Bxd4 h5 44. Rg7+ Kf8 45. Rh7 Ke8 46. Rh8+ Rf8 47. Rxf8+ Kxf8 1/2-1/2

[Event "Pamplona-B 16th"]
[Site "Pamplona"]
[Date "2006.12.26"]
[Round "5"]
[White "Alexandrova, Olga"]
[Black "Zamarbide Inarrea, Borja"]
[Result "1-0"]
[WhiteElo "2371"]
[BlackElo "2202"]
[PlyCount "95"]
[EventDate "2006.12.22"]
[EventType "tourn"]
[EventRounds "9"]
[EventCountry "ESP"]
[EventCategory "3"]
[SourceTitle "CBM 115 Extra"]
[Source "ChessBase"]
[SourceDate "2007.01.10"]
[SourceVersion "1"]
[SourceVersionDate "2007.01.10"]
[SourceQuality "1"]

1. d4 e6 2. Nf3 f5 3. g3 b6 4. d5 Bd6 5. Nc3 Bb7 6. Bg5 Nf6 7. dxe6 dxe6 8. Nb5 0-0 9. Nxd6 cxd6 10. Bg2 Qc7 11. 0-0 Nbd7 12. Rc1 Ne4 13. Be3 Ndf6 14. Nd4 Qd7 15. c4 Ng4 16. Bd2 e5 17. Nb3 f4 18. gxf4 exf4 19. Nd4 Ng5 20. f3 Ne5 21. h4 Ngf7 22. Bxf4 Ng6 23. Bg3 Nfe5 24. Qd2 Rad8 25. Kh2 Qf7 26. Bh3 Bc8 27. Bxc8 Rxc8 28. b3 h6 29. Nb5 Nxh4 30. Bxh4 Qh5 31. Kg3 g5 32. Bxg5 hxg5 33. Qd5+ Nf7 34. Rh1 Qg6 35. Nd4 Rce8 36. Nf5 g4 37. Nh6+ Kg7 38. Qd4+ Re5 39. Nxg4 Ng5 40. Rh6 Qf5 41. Qxd6 Ne4+ 42. fxe4 Qf4+ 43. Kh4 Qg5+ 44. Kg3 Rxe4 45. Qd7+ Rf7 46. Rh7+ Kxh7 47. Qxf7+ Kh8 48. Qf6+ 1-0

[Event "Brno DS IM"]
[Site "Brno"]
[Date "2006.07.09"]
[Round "11"]
[White "Zamarbide Inarrea, Borja"]
[Black "Toma, Katarzyna"]
[Result "1/2-1/2"]
[WhiteElo "2184"]
[BlackElo "2238"]
[PlyCount "143"]
[EventDate "2006.06.30"]
[EventType "tourn"]
[EventRounds "11"]
[EventCountry "CZE"]
[EventCategory "2"]
[SourceTitle "CBM 113 Extra"]
[Source "ChessBase"]
[SourceDate "2006.09.14"]
[SourceVersion "1"]
[SourceVersionDate "2006.09.14"]
[SourceQuality "1"]

1. e4 c5 2. Nc3 Nc6 3. Bb5 Nd4 4. Bc4 e6 5. Nf3 Nf6 6. 0-0 a6 7. d3 b5 8. Bb3 Nxb3 9. axb3 Bb7 10. Qe2 d6 11. h3 Be7 12. Nh2 d5 13. e5 Nd7 14. f4 Qc7 15. Nf3 b4 16. Nb1 Nb6 17. d4 c4 18. Be3 a5 19. Qf2 0-0 20. f5 exf5 21. Nh4 Bxh4 22. Qxh4 cxb3 23. cxb3 Qd7 24. Nd2 f6 25. Nf3 a4 26. Bd2 axb3 27. Bxb4 Rf7 28. Rxa8+ Nxa8 29. Re1 Nc7 30. exf6 gxf6 31. Re3 Bc8 32. Qe1 Rg7 33. Rxb3 f4 34. Kh2 Rg3 35. Qe7 Qxe7 36. Bxe7 Ne8 37. Bb4 Ba6 38. Kg1 Bc4 39. Ra3 Kf7 40. Ra7+ Kg8 41. Bd2 Rg7 42. Ra8 Re7 43. Bxf4 Kf7 44. Rb8 Re4 45. Bg3 h5 46. b4 h4 47. Bxh4 Nd6 48. Rb6 Re6 49. Bg3 Nf5 50. Rxe6 Kxe6 51. Kf2 Ne7 52. Bf4 Kf5 53. Bd6 Nc6 54. Ke3 Bf1 55. g4+ Ke6 56. Bc5 Bxh3 57. Kf4 Bf1 58. Nh4 Nd8 59. Ng6 Kf7 60. Nh4 Ne6+ 61. Kg3 Ng5 62. Nf5 Ne4+ 63. Kf4 Ke6 64. Ne3 Bd3 65. Nd1 Bb5 66. Ne3 Bd3 67. Kf3 Nc3 68. Ng2 Be2+ 69. Kf4 Bb5 70. Ke3 Bc4 71. Nf4+ Kf7 72. Nh3 1/2-1/2

[Event "Brno DS IM"]
[Site "Brno"]
[Date "2006.07.07"]
[Round "9"]
[White "Zamarbide Inarrea, Borja"]
[Black "Cerveny, Petr"]
[Result "1-0"]
[WhiteElo "2184"]
[BlackElo "2164"]
[PlyCount "135"]
[EventDate "2006.06.30"]
[EventType "tourn"]
[EventRounds "11"]
[EventCountry "CZE"]
[EventCategory "2"]
[SourceTitle "CBM 113 Extra"]
[Source "ChessBase"]
[SourceDate "2006.09.14"]
[SourceVersion "1"]
[SourceVersionDate "2006.09.14"]
[SourceQuality "1"]

1. e4 c5 2. Nf3 e6 3. Nc3 d6 4. d4 cxd4 5. Qxd4 Nc6 6. Bb5 Bd7 7. Bxc6 Bxc6 8. Bg5 Nf6 9. 0-0 Be7 10. Qd3 0-0 11. Nd4 Be8 12. Rae1 a6 13. Kh1 h6 14. Bc1 b5 15. f4 b4 16. Nce2 Qc7 17. c4 Nd7 18. b3 Bh4 19. Rd1 Nc5 20. Qh3 Bf6 21. Ng3 Bc6 22. f5 Nxe4 23. Nxc6 Qxc6 24. fxe6 Nxg3+ 25. hxg3 Be5 26. exf7+ Rxf7 27. Rxf7 Kxf7 28. Rf1+ Bf6 29. Bb2 Qe4 30. Qh5+ Ke7 31. Bxf6+ gxf6 32. Rf4 Qe1+ 33. Kh2 Rg8 34. Qf3 Qc3 35. Qb7+ Kf8 36. Qc8+ Kf7 37. Qd7+ Kf8 38. Qxd6+ Kf7 39. Rf3 Qa1 40. c5 Rg5 41. g4 Qe5+ 42. Qxe5 Rxe5 43. Rf5 Re2 44. Rf4 a5 45. Rc4 Ke7 46. c6 Kd8 47. c7+ Kc8 48. Kg3 Rxa2 49. Kh2 Rb2 50. Rc5 Rxb3 51. Rxa5 Kxc7 52. Ra7+ Kb6 53. Rf7 Rc3 54. Rxf6+ Rc6 55. Rf1 b3 56. Rf3 Rg6 57. Rxb3+ Kc5 58. Rc3+ Kd4 59. Ra3 Ke5 60. Ra5+ Kf4 61. Kh3 Rg5 62. g3+ Kf3 63. Rf5+ Ke4 64. Rf6 h5 65. Rf4+ Ke5 66. Kh4 Rg8 67. gxh5 Rh8 68. Rf2 1-0

[Event "Brno DS IM"]
[Site "Brno"]
[Date "2006.07.05"]
[Round "7"]
[White "Zamarbide Inarrea, Borja"]
[Black "Cerveny, Martin"]
[Result "1/2-1/2"]
[WhiteElo "2184"]
[BlackElo "2231"]
[PlyCount "67"]
[EventDate "2006.06.30"]
[EventType "tourn"]
[EventRounds "11"]
[EventCountry "CZE"]
[EventCategory "2"]
[SourceTitle "CBM 113 Extra"]
[Source "ChessBase"]
[SourceDate "2006.09.14"]
[SourceVersion "1"]
[SourceVersionDate "2006.09.14"]
[SourceQuality "1"]

1. e4 c5 2. Nc3 d6 3. f4 Nc6 4. Bb5 Bd7 5. d3 g6 6. Nf3 Bg7 7. 0-0 Nd4 8. Bc4 b5 9. Bd5 Rc8 10. a4 e6 11. Ba2 b4 12. Ne2 Bxa4 13. Nexd4 cxd4 14. Bxe6 Bxc2 15. Bxf7+ Kxf7 16. Ng5+ Ke8 17. Qg4 Bb3 18. Ne6 Nf6 19. Nxg7+ Kf7 20. Rxa7+ Rc7 21. Rxc7+ Qxc7 22. Qh4 Kxg7 23. f5 h6 24. fxg6 Qe7 25. Bf4 Qe6 26. Qe1 Bc2 27. Qe2 b3 28. Bxd6 Bxd3 29. Qxd3 Qxd6 30. Qb5 Rb8 31. Rxf6 Qxf6 32. Qxb8 d3 33. Qc7+ Kxg6 34. Qg3+ 1/2-1/2

[Event "ESP-ch U18"]
[Site "Mondariz"]
[Date "2005.10.02"]
[Round "8"]
[White "Angulo Martinez, Jon"]
[Black "Zamarbide Inarrea, Borja"]
[Result "1-0"]
[WhiteElo "2143"]
[BlackElo "2180"]
[PlyCount "103"]
[EventDate "2005.09.27"]
[EventType "swiss"]
[EventRounds "9"]
[EventCountry "ESP"]
[SourceTitle "CBM 108 Extra"]
[Source "ChessBase"]
[SourceDate "2005.11.04"]
[SourceVersion "1"]
[SourceVersionDate "2005.11.04"]
[SourceQuality "1"]

1. e4 e6 2. d3 d5 3. Qe2 Ne7 4. g3 dxe4 5. dxe4 e5 6. Nf3 Nec6 7. c3 Be7 8. Nbd2 Be6 9. Bg2 Nd7 10. Nc4 0-0 11. 0-0 f6 12. b4 Nb6 13. Ne3 Qe8 14. Rd1 a5 15. b5 Na7 16. c4 c6 17. a4 Bc5 18. Ba3 Nxa4 19. Bxc5 Nxc5 20. Rxa5 b6 21. Ra3 cxb5 22. Rda1 Qf7 23. Nd5 b4 24. R3a2 Bxd5 25. exd5 Qd7 26. d6 e4 27. Nd4 f5 28. Qe3 Rfd8 29. Bh3 g6 30. Qg5 b3 31. Nxf5 Ne6 32. Ne7+ Kf7 33. Bxe6+ Kxe6 34. Qd5+ Kf6 35. Rd2 Qe6 36. Qd4+ Kf7 37. Rb1 Nc8 38. Nxc8 Raxc8 39. Rxb3 Qxc4 40. Rxb6 Qxd4 41. Rxd4 Rc1+ 42. Kg2 Rd7 43. Rxe4 Rd1 44. Re7+ Rxe7 45. dxe7 Rd7 46. Re6 Rxe7 47. Rxe7+ Kxe7 48. Kf3 Kf7 49. Ke4 Ke6 50. g4 Kf6 51. Kf4 g5+ 52. Ke4 1-0

[Event "ESP-ch U18"]
[Site "Mondariz"]
[Date "2005.10.01"]
[Round "7"]
[White "Zamarbide Inarrea, Borja"]
[Black "Villuendas Valero, Adrian"]
[Result "0-1"]
[WhiteElo "2180"]
[BlackElo "2109"]
[PlyCount "86"]
[EventDate "2005.09.27"]
[EventType "swiss"]
[EventRounds "9"]
[EventCountry "ESP"]
[SourceTitle "CBM 108 Extra"]
[Source "ChessBase"]
[SourceDate "2005.11.04"]
[SourceVersion "1"]
[SourceVersionDate "2005.11.04"]
[SourceQuality "1"]

1. e4 c5 2. Nc3 d6 3. f4 g6 4. Nf3 Bg7 5. Bb5+ Bd7 6. Bxd7+ Qxd7 7. d3 Nc6 8. 0-0 Nh6 9. Nd5 e6 10. Ne3 0-0-0 11. c3 f5 12. Qa4 Nf7 13. Bd2 d5 14. exd5 exd5 15. Rac1 Rhe8 16. Nc2 Nd6 17. b4 b5 18. Qa6+ Qb7 19. Qxb7+ Nxb7 20. Na3 a6 21. d4 c4 22. Ne5 Kc7 23. Be1 Bf6 24. Nb1 Nd6 25. Rf3 a5 26. a3 axb4 27. axb4 Ra8 28. Rh3 Re7 29. Nd2 Ne4 30. Nxe4 dxe4 31. Nxc6 Kxc6 32. Rc2 Ra1 33. Kf2 Kd5 34. Ke2 Rea7 35. Kd2 R1a2 36. Rxa2 Rxa2+ 37. Ke3 Ra3 38. Kd2 g5 39. Rh6 gxf4 40. Rxf6 Ra2+ 41. Kd1 e3 42. g3 f3 43. Rxf5+ Ke4 0-1